Public provisioning for elementary education in India (Record no. 1390159)

MARC details
000 -LEADER
fixed length control field 00584nam a2200193Ia 4500
005 - DATE AND TIME OF LATEST TRANSACTION
control field 20250508164621.0
008 - FIXED-LENGTH DATA ELEMENTS--GENERAL INFORMATION
fixed length control field 008 250505s9999 xx 000 0 eng d
037 ## - SOURCE OF ACQUISITION
Stock number TextBook
040 ## - CATALOGING SOURCE
Original cataloging agency FEDL
Language of cataloging eng
Transcribing agency FEDL
041 ## - LANGUAGE CODE
Language code of text/sound track or separate title eng
Source of code eng
084 ## - COLON CLASSIFICATION NUMBER
Classification number 372.954, JHA/R
Assigning agency FEDL
100 ## - MAIN ENTRY--PERSONAL NAME
Personal name Jha Praveen and Others
9 (RLIN) 778627
245 #0 - TITLE STATEMENT
Title Public provisioning for elementary education in India
260 ## - PUBLICATION, DISTRIBUTION, ETC.
Place of publication, distribution, etc. New Delhi, India
Name of publisher, distributor, etc. Sage
Date of publication, distribution, etc. 2008
300 ## - PHYSICAL DESCRIPTION
Extent 454p.
650 ## - SUBJECT ADDED ENTRY--TOPICAL TERM
Topical term or geographic name entry element Elelmentary education - Finance
9 (RLIN) 778628
942 ## - ADDED ENTRY ELEMENTS (KOHA)
Koha item type Textbook
Classification part 372.954, JHA/R
Holdings
Withdrawn status Lost status Damaged status Not for loan Home library Current library Date acquired Total Checkouts Full call number Barcode Date last seen Price effective from Koha item type
        Department of Education Library Department of Education Library 2025-05-08   372.954, JHA/R EL0083785 2025-05-08 2025-05-08 Textbook
Copyright @ Delhi University Library System